Most Streamed Kendrick Lamar Songs - Statistics

General Stats
  • This quiz has been taken 644 times
    156 since last reset
  • The average score is 12 of 20
Answer Stats
# Streams Answer % Correct
2 2,913,689,791 HUMBLE.
97%
4 1,925,930,748 Not Like Us
92%
3 2,218,528,249 Money Trees
88%
7 1,464,389,619 DNA.
85%
13 1,039,471,590 Alright
83%
1 2,993,019,278 All The Stars
80%
5 1,875,003,485 LOVE.
79%
6 1,508,076,582 luther
75%
11 1,148,237,993 Swimming Pools (Drank)
71%
18 877,024,940 tv off
65%
19 874,905,567 LOYALTY.
61%
17 915,403,460 m.A.A.d city
61%
9 1,175,128,212 PRIDE.
61%
16 946,760,103 Bitch, Don't Kill My Vibe
58%
15 1,000,175,401 Like That
39%
8 1,184,220,826 Pray For Me
38%
10 1,172,673,000 family ties
37%
14 1,006,904,220 Fuckin' Problems
22%
20 796,731,622 Collard Greens
21%
12 1,103,977,786 Don't Wanna Know
15%
No matching quizzes found
Score Distribution
Percent of People with Each Score
Percentile by Number Answered
Your Score History
You have not taken this quiz since the last reset